[Event "Charity Cup MCCT KO 2022"]
[Site "Online"]
[Date "2022.03.23"]
[Round "1.2"]
[White "Carlsen, Magnus"]
[Black "Ding, Liren"]
[Result "1-0"]
[WhiteElo "2865"]
[BlackElo "2799"]
[Annotator "TA"]
[PlyCount "100"]
[EventDate "2022.03.18"]
[EventType "k.o."]
[EventCountry "NET"]
[SourceTitle "playchess.com"]
[Source "ChessBase"]
[SourceQuality "1"]

{[%evp 11,100,8,2,6,11,0,28,0,0,0,6,10,14,12,12,14,5,15,12,0,10,2,8,-25,0,0,0,0,20,20,21,25,25,19,25,23,21,14,20,19,16,14,13,12,17,0,0,0,0,0,0,0,0,0,0,0,0,0,0,0,0,0,0,0,0,0,0,0,0,0,0,0,0,0,0,0,0,0,0,0,0,0,5302,4175,29974,29974,29983,29983,29984,29982,29980]} 1. d4 Nf6 2. c4 e6 3. Nf3 d5 4. g3 Bb4+ 5. Bd2 Be7 6. Bg2 O-O 7. Qc2 {E11: Bogo-Indian.} c6 {7...Nbd7 is the modern continuation.} 8. Bf4 Nbd7 {[#]} 9. h4 $146 {White has an edge.} ({Predecessor:} 9. Nbd2 Nh5 10. Be3 Nhf6 11. Rc1 a5 12. Bg5 h6 13. Bxf6 Bxf6 14. e4 b6 15. O-O {½-½ (38) Deac,B (2679)-Lupulescu,C (2622) Bucharest 2022}) 9... b6 10. Nc3 Ba6 11. cxd5 cxd5 12. O-O b5 13. a3 Rc8 14. Rfc1 Bb7 15. Qb3 a6 16. Na2 Rc4 17. e3 h6 (17... Ne4 {is more complex.} 18. Nc3 Qc8 19. a4 b4 20. Na2 a5) 18. Nd2 Rxc1+ 19. Rxc1 Qa8 (19... Ne8 $5 {[%cal Rg7g5]}) 20. Bc7 {[%cal Bf4c7,Bc7a5,Ba5b4,Bb4c5][%mdl 32]} Rc8 21. Ba5 Ne8 22. Qd1 Nd6 23. Rxc8+ Qxc8 24. Bb4 Nb6 25. Nc1 {[%cal Ba2c1,Bc1d3,Bd3b4,Bb4d5][%mdl 32]} Nbc4 26. Nd3 a5 27. Bc5 a4 28. Nxc4 dxc4 29. Nb4 Bxg2 30. Kxg2 Nf5 31. e4 Qb7 32. Kf3 e5 33. Nd5 Bxc5 34. dxc5 Nd4+ 35. Kg2 Kf8 36. f4 Qc6 37. Qh5 f5 ({Don't take} 37... exf4 38. Qe5 Ne6 39. Qb8+ (39. gxf4 f6 $16) (39. Nxf4 Nxc5 40. Qb8+ Qe8 $11) 39... Qe8 40. Qd6+ Kg8 41. gxf4 $16) 38. fxe5 fxe4 39. e6 $1 Qxe6 {aiming for ...e3.} 40. Nf4 Qf5 {Strongly threatening ...Qxh5.} 41. Qd1 g5 {[%cal Of8e8]} 42. hxg5 hxg5 {[%cal Of8e8]} 43. Qxd4 gxf4 $11 {[%mdl 4096] Endgame KQ-KQ} 44. c6 fxg3 {Threatens to win with ...Qf3+.} 45. c7 Kf7 46. Qa7 Kg6 $2 {[%mdl 8192] [#]} (46... Qf3+ $11 47. Kg1 Qd1+ 48. Kg2 Qf3+ 49. Kg1 Qd1+ 50. Kg2 Qf3+) 47. Qe3 $1 $18 ({Weaker is} 47. Qa6+ Kh5 48. Qb6 c3 49. bxc3 Qf3+ 50. Kh3 g2+ 51. Kh2 Qxc3 $11) 47... Kf7 48. Qxg3 {White mates.} Qe6 49. Qh3 Qg6+ 50. Kh1 Qf6 {Weighted Error Value: White=0.03 (flawless) /Black=0.22 (precise)} 1-0

[Event "Charity Cup MCCT KO 2022"]
[Site "Online"]
[Date "2022.03.23"]
[Round "1.2"]
[White "Ding, Liren"]
[Black "Carlsen, Magnus"]
[Result "0-1"]
[WhiteElo "2799"]
[BlackElo "2865"]
[Annotator "TA"]
[PlyCount "80"]
[EventDate "2022.03.18"]
[EventType "k.o."]
[EventCountry "NET"]
[SourceTitle "playchess.com"]
[Source "ChessBase"]
[SourceQuality "1"]

{[%evp 14,80,15,21,16,12,20,25,35,0,34,22,50,69,59,46,39,29,51,44,46,36,37,37,33,52,59,72,33,31,21,20,18,23,33,0,0,-20,-12,-12,-16,-16,-12,-59,-9,-43,-41,-41,-33,-39,-25,-25,-22,-86,-78,-95,-72,-154,-154,-174,-22,-22,-22,-26,-8,-54,-54,-29986,-29987]} 1. d4 d5 2. c4 e6 3. Nc3 c6 4. Nf3 Nf6 5. Bg5 Be7 6. e3 Nbd7 7. Qc2 h6 8. Bf4 Nh5 {D53: Queen's Gambit Declined: 4 Bg5 Be7: Early deviations.} 9. Be5 Nhf6 10. Bg3 Nh5 {White has an edge.} 11. O-O-O Nxg3 12. hxg3 dxc4 13. Bxc4 b5 14. Bd3 Bb7 15. Kb1 {[#]} Qb6 $146 ({Predecessor:} 15... a6 16. e4 Nb6 17. g4 Qc7 18. g5 O-O-O 19. gxh6 gxh6 20. Rh5 Kb8 21. Ne2 Rc8 22. Rc1 Nd7 23. Qd2 Bf8 {1-0 (40) Maduekwe,C (2235)-Pert,R (2050) London 1994}) 16. g4 {[%cal Og4g5]} a6 17. g5 {[%cal Od3g6]} O-O-O $1 18. gxh6 (18. d5 {seems wilder.} Bxg5 19. dxc6 Qxc6 20. a4 bxa4 21. Be4) 18... Rxh6 19. Rxh6 gxh6 20. Be2 f5 21. e4 fxe4 22. Nxe4 Kb8 23. Rc1 Qc7 {[%cal Oc6c5]} 24. a3 Qf4 {[%cal Oc6c5]} 25. Nfd2 c5 26. g3 Qf5 27. dxc5 (27. g4 Qf4 28. dxc5 Nxc5 $1 $17 {[%mdl 512]}) 27... Nxc5 28. Bf3 {[#]} (28. f3 $11) 28... Rc8 (28... Qxf3 $1 $15 29. Nxc5 (29. Nxf3 $2 {perishes.} Bxe4 30. Qxe4 Nxe4 $19) 29... Qxf2 30. Nxb7 Rxd2 31. Qc7+ Ka8) 29. Nxc5 Rxc5 {[%mdl 64] Pin} 30. Qxf5 Rxc1+ $1 31. Kxc1 exf5 32. Bxb7 Kxb7 $11 {[%mdl 4096] Endgame KB-KN} 33. Nf3 (33. Nb3 $11) 33... Bc5 $17 34. Nh4 {[#]} f4 $1 ({Reject} 34... Bxf2 $6 35. Nxf5 h5 36. Kd2 $11) 35. g4 (35. Nf5 $142) 35... Bxf2 36. Nf5 {[#]} f3 $2 (36... Kc6 $1 $19 {[%cal Rc6d5] Hoping for ...Kd5.} 37. Kd2 Kd5) 37. Kd2 $11 Kc6 38. Nxh6 Kd5 {...Ke4 is the strong threat.} 39. g5 (39. Nf7 $1 $11 {is superior.}) 39... Ke4 $15 {Strongly threatening ...Be3+.} 40. g6 $2 {[%mdl 8192]} (40. Ng4 $15 Bd4 41. b3) 40... Be3+ {Weighted Error Value: White=0.35/Black=0.14 (very precise)} 0-1

[Event "Charity Cup MCCT KO 2022"]
[Site "Online"]
[Date "2022.03.23"]
[Round "1.2"]
[White "Duda, Jan-Krzysztof"]
[Black "Le, Quang Liem"]
[Result "1/2-1/2"]
[WhiteElo "2760"]
[BlackElo "2709"]
[Annotator "TA"]
[PlyCount "70"]
[EventDate "2022.03.18"]
[EventType "k.o."]
[EventCountry "NET"]
[SourceTitle "playchess.com"]
[Source "ChessBase"]
[SourceQuality "1"]

{[%evp 14,70,20,12,9,10,26,-3,10,-10,-32,-12,-30,-127,-122,-122,-110,-164,-146,-156,0,-40,-45,-37,-7,-8,0,-4,-3,-5,0,0,0,0,0,0,0,0,0,-1,0,0,0,0,0,0,0,0,0,0,0,0,0,0,0,0,0,0,0]} 1. Nf3 d5 2. g3 g6 3. Bg2 Bg7 4. d4 c6 5. O-O Nf6 6. b3 O-O 7. Bb2 a5 8. c4 a4 {D78: Fianchetto Grünfeld: 6 0-0 c6.} 9. Ne5 Be6 {[#]} 10. Nc3 $146 ({Predecessor:} 10. Na3 Nbd7 11. Nd3 Bf5 12. f3 Qb6 13. c5 Qc7 14. Nf2 h5 15. e4 Be6 16. b4 {1-0 (38) Anurag,M (2396)-Das,S (2430) Bhubaneswar 2015}) 10... dxc4 {[%cal Bd5c4,Bc4c3][%mdl 32]} (10... a3 $5 11. Bc1 Nbd7 $11) 11. Nxa4 {Hoping for Nc5.} (11. Nxc4 {is more complex.} Nd5 12. Qd2 Nd7 13. Nxd5 cxd5 14. Ne5) 11... Nbd7 12. Nxd7 Nxd7 13. d5 {[#]} (13. e4 $11 {remains equal.}) 13... Bxb2 $1 $17 14. Nxb2 cxd5 15. Bxd5 (15. Qd4 $17) 15... c3 $19 16. Nc4 Nc5 ({Black should try} 16... c2 $1 $17 {[%cal Rc2d1]} 17. Qd2 Nc5) 17. Bxe6 Nxe6 18. a4 Qxd1 (18... b5 $5 19. axb5 Rxa1 20. Qxa1 Nd4 $15) 19. Rfxd1 {The position is equal.} b5 20. Ne3 ({Not} 20. axb5 $2 c2 21. b6 Rfb8 $19) 20... Rfb8 21. Rac1 bxa4 22. bxa4 Rxa4 23. Rxc3 Ra2 24. Rc2 Rxc2 25. Nxc2 $11 {[%mdl 4096] Endgame KRN-KRN} Rb2 26. Rc1 Kg7 27. Kf1 h5 28. h4 Rb7 29. Ne1 Nd4 30. Rd1 Nf5 31. Nf3 Nd6 32. Ng5 Rb4 33. Nf3 Rb7 34. Ng5 Rb4 35. Nf3 Rb7 {Weighted Error Value: White=0.14 (very precise) /Black=0.09 (flawless)} 1/2-1/2

[Event "Charity Cup MCCT KO 2022"]
[Site "Online"]
[Date "2022.03.23"]
[Round "1.2"]
[White "Le, Quang Liem"]
[Black "Duda, Jan-Krzysztof"]
[Result "1/2-1/2"]
[WhiteElo "2709"]
[BlackElo "2760"]
[Annotator "TA"]
[PlyCount "71"]
[EventDate "2022.03.18"]
[EventType "k.o."]
[EventCountry "NET"]
[SourceTitle "playchess.com"]
[Source "ChessBase"]
[SourceQuality "1"]

{[%evp 19,71,12,20,10,0,0,0,0,0,0,0,0,0,0,0,-158,0,0,0,0,0,0,0,0,0,0,12,24,49,24,42,21,33,0,0,0,0,0,0,0,0,0,0,0,0,0,0,0,0,0,0,0,0,0]} 1. Nf3 {Golod,V} Nf6 2. c4 e6 3. Nc3 d5 4. d4 c5 5. cxd5 Nxd5 6. e4 Nxc3 7. bxc3 cxd4 8. cxd4 Bb4+ 9. Bd2 Bxd2+ 10. Qxd2 O-O 11. Rd1 {D41: Queen's Gambit Declined: Semi-Tarrasch with 5 cxd5.} b6 12. h4 {has lost popularity (12.Bd3).} Bb7 13. Bd3 {[%cal Bf1d3,Bd3b1,Bb1h7][%mdl 32]} Nc6 14. Bb1 Ba6 15. e5 Qd5 16. Ng5 $1 {[%cal Bf3g5,Bg5e4,Be4f6][%mdl 32] [#]} h6 $146 (16... Qxg2 $2 17. Bxh7+ Kh8 18. Be4 $18) ({Predecessor:} 16... Rad8 17. Bxh7+ Kh8 18. Be4 Qxd4 19. Qxd4 Nxd4 20. Rh3 f6 21. exf6 gxf6 22. Nf3 Ne2 {½-½ (39) Siebrecht,S (2366)-Golod,V (2554) Bad Wiessee 2004 CBM 104 [Golod,V]}) 17. Bh7+ $1 Kh8 {[#] White must now prevent ...g6.} 18. Be4 Qb5 {Threatens to win with ...Rac8.} 19. f3 $1 Rad8 (19... hxg5 $2 20. hxg5+ Kg8 21. Bh7+ Kh8 22. Bd3+ Kg8 23. Bxb5 $18) 20. Bxc6 Qxc6 21. Ne4 Rd5 22. Kf2 Bc4 23. a3 b5 {[%cal Bb6b5,Bb5b4,Bb4a3][%mdl 32]} 24. Qe3 (24. g4 $5 {[%cal Rh4h5]}) 24... Qb6 {[#]} 25. Nf6 $1 Rdd8 26. Rh3 {[%cal Oh3g3] Strongly threatening Rg3!} b4 {The position is equal.} 27. Rg3 bxa3 $1 {aiming for ...Qb2+.} 28. Qe4 {[%csl Gf6][%cal Re4h7]} gxf6 29. Qf4 {[%cal Rf4h6]} Kh7 (29... Qb2+ $2 30. Rd2 Kh7 31. Rxb2 axb2 32. exf6 $18) 30. Qxf6 {[%csl Gg3][%cal Rf6g7] The board is on fire.} Rg8 {To avoid Qg7+. ( -> ...Qb2+)} 31. Qxf7+ Kh8 32. Qf6+ Kh7 33. Qf7+ Kh8 34. Qf6+ Kh7 {...Qb2+ is the strong threat.} 35. Qe7+ Kh8 36. Qf6+ {Weighted Error Value: White=0.03 (flawless) /Black=0.03 (flawless)} 1/2-1/2

[Event "Charity Cup MCCT KO 2022"]
[Site "Online"]
[Date "2022.03.22"]
[Round "1.2"]
[White "Anton Guijarro, David"]
[Black "Duda, Jan-Krzysztof"]
[Result "0-1"]
[WhiteElo "2691"]
[BlackElo "2760"]
[Annotator "TA"]
[PlyCount "114"]
[EventDate "2022.03.18"]
[EventType "k.o."]
[EventCountry "NET"]
[SourceTitle "playchess.com"]
[Source "ChessBase"]
[SourceQuality "1"]

{[%evp 9,114,25,10,0,0,0,0,0,19,6,8,13,16,10,5,0,29,30,41,31,18,0,0,0,0,0,0,0,0,0,0,0,0,0,0,0,0,-42,-20,-121,-96,-139,-150,-124,-63,-72,-42,-82,-74,-83,-74,-87,-95,-105,-94,-93,-95,-125,-101,-133,-109,-129,-56,-123,-131,-119,-120,-173,-172,-181,-172,-166,-154,-190,-161,-168,-167,-222,-211,-222,-222,-222,-222,-279,-264,-232,-212,-209,-208,-322,-306,-713,-627,-500,-236,-29974,-29972,-29967,-29965,-29979,-29980,-29980,-29980,-29980,-29981,-29971,-29969]} 1. e4 e5 2. Nf3 Nc6 3. Bb5 Nf6 {[%cal Bg8f6,Bf6e4,Be4d6][%mdl 32]} 4. O-O Nxe4 5. Re1 Nd6 6. a4 {C67: Ruy Lopez: Berlin Defence: 4 0-0 Nxe4.} Be7 7. Nc3 {Inhibits e4.} O-O 8. d4 {The position is equal.} e4 9. Nxe4 Nxe4 10. Rxe4 a6 11. Bf1 d5 12. Re1 Bf5 13. c3 Qd7 {[#]} 14. b4 $146 ({Predecessor:} 14. Bf4 Rfe8 15. a5 Bd6 16. Bxd6 Qxd6 17. Qb3 Rxe1 18. Nxe1 {½-½ (46) Kobo,O (2480)-Roiz,M (2608) Tiberias 2016}) 14... Bd6 15. b5 axb5 16. Bxb5 Qc8 17. Ba3 Bxa3 18. Rxa3 Na5 19. Ra2 c6 20. Bf1 Re8 21. Rxe8+ Qxe8 22. Re2 Qf8 23. Re5 (23. Re3 $11) 23... Be4 $15 24. Bd3 (24. Nd2 $11) 24... f6 25. Rxe4 (25. Re6 $142) 25... dxe4 $17 26. Bxe4 g6 (26... Qa3 $17 27. Qe1 Qxa4) 27. h4 $15 Nc4 28. h5 Nd6 29. Bc2 Kg7 (29... Qh6 {is interesting.} 30. Qb1 Qxh5 31. Qb4 Rd8 32. Bb3+ Kf8) 30. hxg6 hxg6 31. Nh4 f5 32. Nf3 Qf6 33. g3 Rh8 34. Qe1 Re8 35. Qc1 Nf7 (35... Qe6 $17 36. Qa3 Qd5) 36. Kg2 {[#]} ({Better is} 36. Bb3 $15) 36... c5 $1 $17 37. Bb3 Qc6 {And now ...cxd4 would win.} 38. Bxf7 (38. Qf1 $17) 38... Kxf7 {[%mdl 4096] Endgame KQR-KQN} 39. Qh6 cxd4 40. cxd4 Qe4 41. a5 Rc8 42. Qh7+ Kf6 43. Qh6 (43. d5 {might work better.}) 43... Ra8 $19 {Active counter play!} 44. Qh7 Rxa5 (44... Rd8 45. Qc7 Ra8 46. Qd6+ Qe6 47. Qc5 $15) 45. Qh8+ Ke7 ({And not} 45... Kf7 46. Qh7+ Ke6 47. Qxg6+ Kd7 48. Qh5) 46. Qg7+ Kd8 47. Qxg6 {Hoping for Qb6+.} Kc7 {Inhibits Qb6+. Threatens to win with ...Ra3.} 48. Qg7+ Kb6 {aiming for ...Ra3.} 49. Qf8 {To avoid Ra3} (49. Qh6+ $142 Qc6 50. Qh4) 49... Qd5 50. Qb4+ $2 (50. Qh6+ Kb5 51. Qf8 (51. Qd2 $2 Ra3 $19)) 50... Rb5 51. Qd2 Rb3 {To avoid Qd3} 52. Qd1 {[#]} (52. Qe2 $19 Qe4 53. Qxe4 fxe4 54. Nd2) 52... Ra3 {Black mates.} 53. Qe2 Ka7 54. Qd1 b5 {[%cal Bb7b5,Bb5b4][%mdl 32]} 55. Qe2 Ka6 56. Qd1 b4 57. Qe2+ Kb6 {Weighted Error Value: White=0.39/Black=0.05 (flawless)} 0-1

[Event "Charity Cup MCCT KO 2022"]
[Site "Online"]
[Date "2022.03.22"]
[Round "1.3"]
[White "Ding, Liren"]
[Black "Van Foreest, Jorden"]
[Result "1-0"]
[WhiteElo "2799"]
[BlackElo "2702"]
[Annotator "TA"]
[PlyCount "89"]
[EventDate "2022.03.18"]
[EventType "k.o."]
[EventCountry "NET"]
[SourceTitle "playchess.com"]
[Source "ChessBase"]
[SourceQuality "1"]

{[%evp 22,89,0,0,0,0,0,0,0,0,0,0,0,0,0,0,24,23,50,0,144,118,444,428,430,357,365,381,377,373,352,356,381,384,375,339,512,508,501,520,632,635,694,694,693,693,693,693,768,747,713,520,520,513,513,513,513,503,513,513,502,495,497,495,490,430,536,533,499,470]} 1. d4 {ChessBase} d5 2. c4 dxc4 3. Nf3 Nf6 4. e3 e6 5. Bxc4 c5 6. O-O Nc6 7. Nc3 a6 8. Bd3 cxd4 9. exd4 Be7 10. Re1 O-O 11. a3 b5 12. Bb1 $5 {[%mdl 4] A promising side line.} Bb7 {D27: Queen's Gambit Accepted: Classical main line: 7 e4!? and 7 a4.} 13. Qd3 {[%cal Od4d5]} Na5 14. Bg5 {Hoping for Bxf6.} g6 {The position is equal.} 15. Ba2 {Inhibits Nb3.} Nc4 16. Bxc4 bxc4 17. Qxc4 Bxf3 18. gxf3 {[#]} Qd7 $146 ({Predecessor:} 18... Qb6 19. Na4 Qb7 20. Qe2 Qd5 21. Bh6 Rfd8 22. Rad1 Bd6 23. f4 Qc6 24. Nc3 Nd5 {½-½ (51) Portisch,L (2610)-Luther,T (2525) Groningen 1997 CBM 063 [ChessBase]}) 19. Rad1 $36 {[%mdl 2048] White has good play.} Rfc8 20. Qa4 (20. Qe2 $1 $14) 20... Qb7 {[#]} (20... Qxa4 $11 21. Nxa4 Rd8) 21. d5 $1 $16 exd5 {[%mdl 8192] [#] This move loses the game for Black.} (21... Nh5 $16) 22. Rxe7 $1 {[%mdl 512]} Qxe7 23. Nxd5 Nxd5 24. Bxe7 Nxe7 25. Rd7 Nf5 26. Qb3 Rc1+ 27. Kg2 Rf8 28. Qd3 Kg7 (28... Nh4+ $142 29. Kh3 Nf5 30. Qxa6 Ng7) 29. Qxa6 $18 {White is clearly winning.} Nh4+ 30. Kh3 ({Weaker is} 30. Kg3 g5 31. Kh3 Rg1 $18) 30... Nxf3 31. Qd3 Ng5+ 32. Kg2 Ne6 {And now ...Nf4+ would win.} 33. Qe3 {[%csl LRc1,LRe6] Inhibits Nf4+.} Rc6 34. b4 {[%cal Bb2b4,Bb4b5][%mdl 32]} g5 35. b5 Nf4+ 36. Qxf4 gxf4 37. bxc6 {[%mdl 4096] Endgame KR-KR} Rc8 38. c7 {aiming for Kf3.} Kf6 {[#]} 39. Rd6+ Ke7 40. Rc6 Kd7 41. Rc4 {Threatens to win with Kf3.} Rg8+ 42. Kf3 Kc8 43. a4 Rg1 44. Rxf4 Kxc7 45. Rxf7+ {Weighted Error Value: White=0.12 (very precise) /Black=0.40} 1-0

[Event "Charity Cup MCCT KO 2022"]
[Site "Online"]
[Date "2022.03.22"]
[Round "1.4"]
[White "Carlsen, Magnus"]
[Black "Niemann, Hans Moke"]
[Result "1/2-1/2"]
[WhiteElo "2865"]
[BlackElo "2642"]
[Annotator "TA"]
[PlyCount "87"]
[EventDate "2022.03.18"]
[EventType "k.o."]
[EventCountry "NET"]
[SourceTitle "playchess.com"]
[Source "ChessBase"]
[SourceQuality "1"]

{[%evp 14,87,22,28,37,28,23,20,27,20,46,42,68,63,71,69,62,54,91,89,110,81,77,42,101,96,79,81,78,38,43,38,50,23,22,42,16,11,27,0,0,0,0,0,0,0,64,60,73,60,51,58,64,35,36,12,109,109,152,156,156,166,144,0,0,0,0,0,0,0,0,0,0,0,0,0]} 1. Nf3 d5 2. g3 g6 3. Bg2 Bg7 4. d4 Nf6 5. O-O O-O 6. c4 c6 7. b3 Bf5 8. Bb2 a6 {D78: Fianchetto Grünfeld: 6 0-0 c6.} 9. Nc3 Nbd7 {[%cal Bb8d7,Bd7f6,Bf6e4][%mdl 32]} 10. e3 Ne4 {[#]} 11. Rc1 $146 ({Predecessor:} 11. cxd5 Nxc3 12. Bxc3 cxd5 13. Rc1 Rc8 14. h4 b5 15. Qd2 Qb6 16. Ba5 Qb7 17. Bb4 {1-0 (49) Jeremic,M (2106)-Tokhirjonova,G (2378) Chess.com INT 2020}) 11... Rc8 12. Qe2 Ndf6 13. Ne5 Nxc3 14. Bxc3 Ne4 15. Bb2 Qa5 16. f3 Nf6 17. e4 Be6 18. Nd3 Bh6 (18... Qxa2 $14 19. Nf4 Qxb3) 19. Bc3 Qd8 20. Rcd1 b6 {[%cal Bb7b6,Bb6b5][%mdl 32] To avoid Nc5} 21. Nf2 dxc4 22. bxc4 b5 23. d5 (23. c5 $5 {[%cal Rd4d5]}) 23... cxd5 {[#]} 24. cxd5 Rxc3 25. dxe6 Qc7 $1 26. f4 {And now e5 would win.} fxe6 27. e5 Nd5 28. Bxd5 exd5 29. Rxd5 Bxf4 30. gxf4 $14 Rxf4 31. Nd3 Rxf1+ 32. Qxf1 Rc2 33. Qf3 Kg7 34. Nf4 {[#] White wants to mate with Ne6+.} Rc1+ (34... Qb6+ $11 35. Kf1 Qc6) 35. Kg2 $16 {Threatening mate with Ne6+.} ({Much weaker is} 35. Rd1 $6 Rxd1+ 36. Qxd1 Qxe5 $11) 35... Qc2+ (35... Rc2+ $142 36. Kg3 Qc6) 36. Ne2 {Threatens to win with e6.} Re1 37. Kf2 Qb1 {...Rf1+ is the strong threat.} 38. Qd3 (38. Qg2 $16) 38... Rf1+ $11 {The position is equal.} 39. Ke3 {Black must now prevent Qxb1.} Qe1 40. e6 ({But not} 40. Kd4 $2 Rf2 41. Kc5 Rxe2 $19) 40... Qf2+ 41. Kd2 $1 Qe1+ 42. Ke3 Qf2+ 43. Kd2 Qe1+ 44. Ke3 {Weighted Error Value: White=0.11 (very precise) /Black=0.17 (very precise)} 1/2-1/2

[Event "Charity Cup MCCT KO 2022"]
[Site "Online"]
[Date "2022.03.24"]
[Round "3.1"]
[White "Carlsen, Magnus"]
[Black "Duda, Jan-Krzysztof"]
[Result "1/2-1/2"]
[WhiteElo "2865"]
[BlackElo "2760"]
[Annotator "TA"]
[PlyCount "146"]
[EventDate "2022.03.18"]
[EventType "k.o."]
[EventCountry "NET"]
[SourceTitle "playchess.com"]
[Source "ChessBase"]
[SourceQuality "1"]

{[%evp 20,146,11,11,12,16,9,4,9,9,3,8,12,8,14,8,9,10,16,19,12,20,17,0,0,0,0,5,10,0,0,0,0,0,0,0,0,0,0,0,0,0,58,18,7,15,15,5,25,15,27,0,0,0,0,0,31,25,65,0,0,0,0,0,0,0,0,0,0,0,0,0,0,0,0,0,0,-8,0,0,0,0,0,0,0,0,0,-8,-8,-8,-8,-8,-8,-8,-8,-8,-8,-8,-8,-8,-8,-8,-8,-8,-8,-8,-8,-8,-8,-8,0,-8,-8,-8,-8,-8,-8,-8,-8,-8,-8,-8,-8,-8,0,-8,0,-8,0]} 1. d4 Nf6 2. c4 e6 3. Nf3 d5 {[%cal Bd7d5,Bd5c4][%mdl 32]} 4. g3 dxc4 5. Bg2 c5 6. O-O Nc6 7. Ne5 Bd7 8. Na3 cxd4 9. Naxc4 Rc8 {9...Be7 is the modern continuation.} 10. Qb3 Nxe5 11. Nxe5 Bd6 {E04: Open Catalan: 5 Nf3.} 12. Nxd7 Qxd7 13. Rd1 Be5 {[#]} 14. Qxb7 $146 ({Predecessor:} 14. Be3 b6 15. a4 O-O 16. f4 Bd6 17. Bxd4 Qe7 18. Bxf6 gxf6 19. Kf1 {½-½ (19) Eldridge,M (2286)-Schroeder,M (2406) ICCF email 2012}) 14... Qxb7 15. Bxb7 Rc7 16. Bf3 Ke7 17. b3 Rd8 $1 18. Bd2 Nd5 19. Ba5 {[#] Black must now prevent Bxd5.} Nb6 20. Bb4+ {A strong pair of Bishops.} Ke8 21. Rd3 Rc2 22. Rd2 Rdc8 23. Rad1 f5 24. Kg2 Bf6 25. g4 fxg4 26. Bxg4 Nd5 27. Bd6 Kf7 28. Bf3 g6 29. b4 R8c4 30. a3 Nb6 (30... R2c3 $11) 31. Bc5 Rxd2 32. Rxd2 Rc3 33. Rd3 e5 34. Be4 Be7 35. Bxe7 Kxe7 36. Rh3 Rxh3 37. Kxh3 $11 {[%mdl 4096] Endgame KB-KN} Nc4 38. a4 Nd6 39. Bc2 (39. f3 $1 $14) 39... e4 {The position is equal.} 40. Kg4 {Kf4 is the strong threat.} Kf6 41. Kf4 g5+ 42. Kg4 Kg6 $1 43. h4 h5+ 44. Kg3 Kf6 45. b5 Nf5+ 46. Kh2 Nd6 (46... Nxh4 $2 47. Bxe4 Ke7 48. Bd3 $18) 47. Kg3 Nf5+ 48. Kg2 Nd6 49. hxg5+ Kxg5 50. f3 e3 51. Bd3 {Strongly threatening a5.} Nb7 52. Bc2 h4 53. Kh3 Nc5 {[%cal Od4d3]} 54. a5 d3 55. Bxd3 Nxd3 56. b6 $1 {[#]} axb6 57. axb6 {aiming for b7. KN-K3P} Nc5 (57... Nf4+ $2 58. Kh2 Nxe2 59. b7 $18) 58. f4+ Kxf4 (58... Kh5 $5) 59. Kxh4 {KN-KPP} Nb7 60. Kh3 $1 Nd6 61. Kh4 Ke4 {( -> ...Kd4)} 62. Kg4 Nb7 (62... Nc4 $5 63. b7 Ne5+ 64. Kg5 Nd7 $11) 63. Kg3 Na5 64. Kg4 Nb7 65. Kg3 Nd8 66. Kg4 Ke5 67. Kf3 Kd4 68. Kf4 Ne6+ (68... Nb7 $5) 69. Kf3 {Hoping for b7.} Nc5 70. Kf4 Nb7 71. Kf3 Nd8 (71... Nd6 $5) 72. Kf4 Nb7 73. Kf3 Nd8 {Weighted Error Value: White=0.04 (flawless) /Black=0.05 (flawless)} (73... Nd6 $5) 1/2-1/2

[Event "Charity Cup MCCT KO 2022"]
[Site "Online"]
[Date "2022.03.24"]
[Round "3.1"]
[White "Duda, Jan-Krzysztof"]
[Black "Carlsen, Magnus"]
[Result "0-1"]
[WhiteElo "2760"]
[BlackElo "2865"]
[Annotator "TA"]
[PlyCount "68"]
[EventDate "2022.03.18"]
[EventType "k.o."]
[EventCountry "NET"]
[SourceTitle "playchess.com"]
[Source "ChessBase"]
[SourceQuality "1"]

{[%evp 14,68,4,6,14,6,10,8,12,8,7,7,15,6,56,-12,0,0,8,0,61,0,0,0,22,10,33,0,0,0,0,-58,-47,-55,-51,-66,0,0,0,-6,-9,-8,-16,-162,-154,-341,-343,-354,-358,-337,-351,-445,-443,-499,-491,-521,-461]} 1. d4 d5 2. c4 c6 3. Nc3 Nf6 4. e3 e6 5. Nf3 Nbd7 6. Qc2 b6 7. Be2 {7.b3 is the modern continuation.} Bb7 8. O-O Bd6 {D45: Semi-Slav: 5 e3.} 9. e4 {has lost popularity (9.Rd1).} dxe4 10. Nxe4 Nxe4 {The position is equal.} 11. Qxe4 Nf6 12. Qh4 c5 13. Rd1 {Black must now prevent dxc5.} Qc7 {[#]} (13... cxd4 $11 14. Bf4 (14. Rxd4 Qe7 $11) (14. Qxd4 Bc7 $11) 14... Ne4) 14. Be3 $146 ({Better is} 14. Bh6 $1 $14 gxh6 15. Qxf6) ({Predecessor:} 14. b3 O-O 15. Bb2 Be7 16. Qg3 Qxg3 17. hxg3 Rfd8 18. a3 a5 19. Ne1 cxd4 20. Bxd4 {1-0 (50) Foisor,M (2220)-Balzano,F (1916) Prague 2012}) 14... h6 15. dxc5 Bxc5 16. Nd4 {[%cal Bf3d4,Bd4b3,Bb3a5][%mdl 32]} a6 {Prevents Nb5.} (16... Qe7 $11) 17. a3 ({White should play} 17. Bf4 $1 $14 Qe7 18. Nb3) 17... Rd8 $11 18. b4 Bd6 19. Rac1 {[%cal Oc4c5]} O-O {[%cal Bh8f8,Bf8d8,Bd8d3,Bd3e3,Be3a3,Ba3c3][%mdl 32]} 20. Nb3 (20. c5 $5 bxc5 21. bxc5 $14) 20... Be5 $40 {[%mdl 128] White needs to defend precisely.} 21. c5 Rxd1+ 22. Bxd1 (22. Rxd1 $11 Nd5 23. Bd2) 22... Rd8 $1 $15 {...Bb2 is the strong threat.} ({Much less strong is} 22... Qc6 23. Bf3 Nd5 24. cxb6 $16) 23. Be2 b5 24. c6 Ba8 (24... Bxc6 $15 25. Nd4 Bxd4 26. Bxd4 e5) 25. Na5 Nd5 26. Bf3 Nxe3 27. fxe3 Rd3 28. Be4 (28. Re1 $11 {and White stays safe.}) 28... Rxe3 $19 29. Bb1 $2 {White does not recover from this.} (29. Bf3 $17 {only move.}) 29... Rxa3 30. Rd1 {[#] White wants to mate with Qd8+.} Bf6 {To avoid Qd8+} ({Not} 30... Qb6+ 31. Kf1 Bf6 32. Qf4 $15) 31. Qe4 {Hoping for Qh7+.} g6 32. Kh1 Rc3 {Black is clearly winning.} 33. Qg4 h5 34. Qe2 Bxc6 {Weighted Error Value: White=0.39/Black=0.11 (very precise)} 0-1